000 00736nam a2200289Ia 4500
005 20260324111252.0
008 008 260324s9999 xx 000 0 eng d
020 _a9781003432890
037 _aEBOOK
040 _aCRL
040 _beng
040 _cCRL
041 _2eng
041 _aeng
084 _qCRL
100 _aEghosa O. Ekhator; Newman U. Richards; Chisa Onyejekwe
_91137850
245 0 _aTaxation, Human Rights, and Sustainable Development
245 0 _bGlobal South Perspectives
260 _bTaylor and Francis
260 _c2025
365 _a
365 _b230
856 _uhttp://www.taylorfrancis.com/books/9781003432890
942 _cEBOOK
999 _c1726617
_d1726617